000 02094nam0a2200361 i 4500
001 RU\NLR\BIBL_A\010464276
005 20241101004601.0
021 _aRU
_b2014-52554
_93175
035 _a(NILC)RuMoRGB-007524384
035 _a(NLR Aleph) 010464276
090 _a9993436
_c9993436
100 _a20140922d2014 u y0rusy50 ca
101 0 _arus
_deng
_eeng
102 _aRU
105 _aah j 000yy
200 1 _aОсновы редакторской подготовки изданий
_dFundamentals of editorial prepublishing
_eучебное пособие для студентов, обучающихся по направлениям подготовки 035000.62 - Издательское дело
_fС.В. Гуськова, А.В. Ишин
_gМ-во образования и науки Рос. Федерации, Федер. гос. бюджет. образоват. учреждение высш. проф. образования "Тамбовский гос. ун-т им. Г.Р. Державина"
_zeng
210 _aТамбов
_cИзд-во ТГУ
_d2014
215 _a105 с.
_cил., факс.
_d21
300 _aОгл. и рез. на англ. яз.
320 _aБиблиогр. в конце тем
510 1 _6z45790
_aFundamentals of editorial prepublishing
_zeng
606 1 _aРедактирование
_jУчебные издания для высших учебных заведений
_xТеория
_92110700
_3RU\NLR\AUTH\661579139
686 1 _aЧ617.154.1я73
700 1 _7ca
_8rus
_aГуськова
_bС. В.
_gСветлана Владимировна
_9138642
_3RU\NLR\AUTH\770138677
701 1 _7ca
_8rus
_aИшин
_bА. В.
_gАлексей Викторович
_9138644
_3RU\NLR\AUTH\770138679
790 1 _7ba
_8rus
_aGus'kova
_bS. V.
_gSvetlana Vladimirovna
_9138645
_3RU\NLR\AUTH\770138680
790 1 _7ba
_8rus
_aIšin
_bA. V.
_gAleksej Viktorovič
_9138646
_3RU\NLR\AUTH\770138681
801 0 _aRU
_bРГБ
_c20140723
_gRCR
801 1 _aRU
_bРГБ
_c20140723
_2rusmarc
942 _cBOOK
980 _aNBR